[Event "Titled Tue 20th May Late"]
[Site "chess.com INT"]
[Date "2025.05.20"]
[Round "8"]
[White "Badacsonyi, Stanley"]
[Black "Bian, Alex"]
[Result "1-0"]
[WhiteTitle "FM"]
[BlackTitle "FM"]
[WhiteElo "2289"]
[BlackElo "2342"]
[WhiteFideId "486973"]
[BlackFideId "2056372"]
[EventDate "2025.05.20"]

1. d4 Nf6 2. c4 e6 3. Nc3 c5 4. d5 exd5 5. cxd5 d6 6. Nf3 g6 7. Nd2 Nbd7 8. e4
a6 9. a4 Qe7 10. Be2 Bg7 11. O-O O-O 12. Nc4 Rb8 13. Bf4 Ne8 14. a5 b5 15. axb6
Nxb6 16. Na5 Qf6 17. Bg3 Nd7 18. Ra2 h5 19. f4 Qd4+ 20. Bf2 Qxd1 21. Rxd1 f5 22.
Nc6 Rxb2 23. Rxb2 Bxc3 24. Rc2 Bf6 25. exf5 gxf5 26. Bxh5 Nc7 27. Bf3 Nb6 28.
Re2 Bd7 29. Ne7+ Kg7 30. Nc6 Rg8 31. g3 Kf8 32. Be1 Bxc6 33. dxc6 Bd4+ 34. Rxd4
cxd4 35. Ba5 Nbd5 36. Bxd5 Nxd5 37. c7 Kf7 38. Rd2 Ke6 39. Rxd4 Rc8 40. Rc4 Kd7
41. Kf2 Nxc7 42. Rxc7+ Rxc7 43. Bxc7 Kxc7 44. h4 Kd7 45. Ke3 a5 46. Kd4 Ke6 47.
Kc4 d5+ 48. Kb5 Kd6 49. Kxa5 Kc5 50. h5 d4 51. h6 d3 52. h7 d2 53. h8=Q d1=Q 54.
Qc8+ 1-0

[Event "Titled Tue 20th May Late"]
[Site "chess.com INT"]
[Date "2025.05.20"]
[Round "8"]
[White "Brzezina, Piotr"]
[Black "Horak, Martin"]
[Result "1-0"]
[WhiteTitle "FM"]
[BlackTitle "FM"]
[WhiteElo "2301"]
[BlackElo "2324"]
[WhiteFideId "21078874"]
[BlackFideId "367095"]
[EventDate "2025.05.20"]

1. e4 c5 2. Nf3 d6 3. d4 cxd4 4. Nxd4 Nf6 5. Nc3 g6 6. Be3 Bg7 7. f3 a6 8. Qd2
h5 9. O-O-O b5 10. Bd3 Bb7 11. Kb1 Nbd7 12. Qf2 Rc8 13. Nce2 Ne5 14. h3 Nc4 15.
Bxc4 Rxc4 16. g4 Nd7 17. c3 Ne5 18. Ka1 Qa5 19. Nb3 Qc7 20. Bd4 b4 21. Qe3 bxc3
22. Nxc3 Rb4 23. Qe2 Bf6 24. f4 Nd7 25. Rhe1 Bxd4 26. Rxd4 Rxd4 27. Nxd4 hxg4
28. hxg4 Nc5 29. e5 dxe5 30. fxe5 e6 31. Rf1 Rh3 32. a3 Qd8 33. Rd1 Qb6 34. Qc4
Nd7 35. Na4 1-0

[Event "Titled Tue 20th May Late"]
[Site "chess.com INT"]
[Date "2025.05.20"]
[Round "8"]
[White "Ruiz Aguilar, Pablo Alexander"]
[Black "McDonald, Jhustice-Dimonte"]
[Result "1-0"]
[WhiteTitle "FM"]
[BlackTitle "CM"]
[WhiteElo "2141"]
[BlackElo "2032"]
[WhiteFideId "4401352"]
[BlackFideId "7402481"]
[EventDate "2025.05.20"]

1. e4 b6 2. d4 Bb7 3. f3 d5 4. exd5 Bxd5 5. c4 Bb7 6. Nc3 Nf6 7. Bf4 e6 8. Qa4+
Nbd7 9. Nb5 Bc6 10. d5 Bxb5 11. Qxb5 exd5 12. cxd5 Bc5 13. Bc4 O-O 14. Ne2 a6
15. Qb3 b5 16. Bd3 Re8 17. O-O-O Be3+ 18. Bxe3 Rxe3 19. Kb1 Qe7 20. Nd4 Re8 21.
Nf5 Qc5 22. Nxe3 Rxe3 23. Rhe1 Nxd5 24. Rxe3 Nxe3 25. Rc1 Qd6 26. Bxh7+ Kxh7 27.
Qxe3 c5 28. Qe4+ Kg8 29. Qe8+ Nf8 30. Re1 c4 31. Ka1 Qxh2 32. g4 Qf4 33. Qe3 Qf6
34. f4 Ne6 35. f5 Nf8 36. Qe7 Qd4 37. Qe5 Qxg4 38. f6 Qe6 39. fxg7 Ng6 40. Qxe6
fxe6 41. Rxe6 1-0

[Event "Titled Tue 20th May Late"]
[Site "chess.com INT"]
[Date "2025.05.20"]
[Round "8"]
[White "Liu, Casper"]
[Black "Khalafvand, Dorsa Sadat"]
[Result "0-1"]
[WhiteTitle "FM"]
[BlackTitle "WCM"]
[WhiteElo "2325"]
[BlackElo "1985"]
[WhiteFideId "1454153"]
[BlackFideId "36767522"]
[EventDate "2025.05.20"]

1. d4 d5 2. c4 e6 3. Nf3 a6 4. g3 dxc4 5. Bg2 b5 6. a4 c6 7. Ne5 Bb7 8. O-O Nf6
9. b3 cxb3 10. Bb2 Nbd7 11. Qxb3 Qb6 12. Nd2 Bd6 13. Rac1 Rc8 14. Nd3 O-O 15. e4
Be7 16. Ba1 Rfd8 17. Nf3 Nxe4 18. Rfe1 Nef6 19. Ng5 Bf8 20. Nxf7 Re8 21. Rxe6
bxa4 22. Qxb6 Nxb6 23. Rxe8 Rxe8 24. Nfe5 Nbd5 25. Nxc6 Rc8 26. Nde5 Bd6 27. Bh3
Rc7 28. Be6+ Kf8 29. Rb1 Bxc6 30. Nc4 Bb4 31. Ne5 Bb5 32. Bf5 a3 33. Kg2 a2 34.
Rb3 Rc1 35. Bb2 Rb1 36. h4 Rxb2 37. Rxb2 a1=Q 38. Rb3 a5 39. Rf3 Qxd4 40. Ng4
Ke7 0-1

[Event "Titled Tue 20th May Late"]
[Site "chess.com INT"]
[Date "2025.05.20"]
[Round "8"]
[White "Bukreev, Stanislav"]
[Black "Drozdowski, Kacper"]
[Result "0-1"]
[WhiteTitle "FM"]
[BlackTitle "IM"]
[WhiteElo "2328"]
[BlackElo "2450"]
[WhiteFideId "34252347"]
[BlackFideId "1136720"]
[EventDate "2025.05.20"]

1. d4 Nf6 2. c4 e6 3. Nf3 b6 4. g3 Bb7 5. Bg2 Bb4+ 6. Bd2 Qe7 7. O-O O-O 8. Nc3
Bxc3 9. Bxc3 Ne4 10. Qc2 Nxc3 11. Qxc3 d6 12. d5 Nd7 13. Nd4 e5 14. Nc6 Bxc6 15.
dxc6 Nf6 16. Bd5 a5 17. b3 h5 18. h4 g6 19. a3 Kg7 20. b4 Rfb8 21. b5 Ng4 22. a4
Rf8 23. Rae1 Rae8 24. f4 f5 25. e4 fxe4 26. Rxe4 Qf6 27. Qe1 Qd8 28. Qd2 exf4
29. Rexf4 Rxf4 30. Rxf4 Rf8 31. Qc3+ Rf6 32. Qd4 Qe7 33. Re4 Ne5 34. Rf4 Kh7 35.
Kg2 Ng4 36. Re4 Qf8 37. Rf4 Rxf4 38. gxf4 Qe7 39. f5 Qe2+ 40. Kg1 Qe1+ 41. Kg2
Ne3+ 42. Kf3 Nxf5 43. Qf4 Nxh4+ 44. Qxh4 0-1

[Event "Titled Tue 20th May Late"]
[Site "chess.com INT"]
[Date "2025.05.20"]
[Round "8"]
[White "Vlassov, Nikolai"]
[Black "Aliyev, Elnur"]
[Result "1-0"]
[WhiteTitle "IM"]
[BlackTitle "CM"]
[WhiteElo "2291"]
[BlackElo "2155"]
[WhiteFideId "4103360"]
[BlackFideId "13402617"]
[EventDate "2025.05.20"]

1. e4 e6 2. d4 d5 3. exd5 exd5 4. Nf3 c5 5. Be3 c4 6. b3 cxb3 7. axb3 Nc6 8. c3
Bd6 9. Bd3 Nge7 10. O-O Bf5 11. Re1 Bxd3 12. Qxd3 O-O 13. Nbd2 Qd7 14. Nf1 Qf5
15. Qb5 Qd7 16. Ng3 Bxg3 17. hxg3 a6 18. Qd3 f6 19. c4 Rfe8 20. Bc1 Rac8 21. Ba3
Nf5 22. Bc5 g6 23. Nd2 Qf7 24. g4 Ng7 25. cxd5 Qxd5 26. Ne4 Qd8 27. Nd6 Rxe1+
28. Rxe1 Rc7 29. Qc4+ Kh8 30. Nf7+ Rxf7 31. Qxf7 b6 32. Bf8 Ne8 33. Rxe8 Qxd4
34. Bg7# 1-0

[Event "Titled Tue 20th May Late"]
[Site "chess.com INT"]
[Date "2025.05.20"]
[Round "8"]
[White "Bernabeu Lopez, Carlos Javier"]
[Black "Rustemov, Alexander"]
[Result "0-1"]
[WhiteTitle "FM"]
[BlackTitle "GM"]
[WhiteElo "2402"]
[BlackElo "2525"]
[WhiteFideId "2235366"]
[BlackFideId "4119002"]
[EventDate "2025.05.20"]

1. e4 e6 2. d4 d5 3. Nd2 dxe4 4. Nxe4 Bd7 5. Bd3 Bc6 6. Nf3 Nd7 7. Qe2 Ngf6 8.
O-O Nxe4 9. Bxe4 Bxe4 10. Qxe4 c6 11. c3 Bd6 12. h3 O-O 13. Qe2 Re8 14. Be3 Qf6
15. Rad1 h6 16. Qd2 Rad8 17. Rfe1 a6 18. Qc2 Bc7 19. Qe4 Nf8 20. Ne5 Bxe5 21.
dxe5 Qf5 22. Qxf5 exf5 23. f4 h5 24. h4 Ne6 25. Kf2 Rxd1 26. Rxd1 Rd8 27. Rxd8+
Nxd8 28. g3 Ne6 29. Ke2 Kf8 30. Kd3 Ke7 31. a4 b5 32. axb5 cxb5 33. c4 Kd7 34.
cxb5 axb5 35. Bf2 Kc6 36. Be3 Kd5 37. b3 Nd8 38. Bc1 Nc6 39. Ba3 Na5 40. Bf8
Nxb3 41. Bxg7 b4 42. Bf8 Nc5+ 43. Kc2 Kc4 44. Bd6 Ne4 45. Be7 Nxg3 46. Kb2 Ne2
47. e6 fxe6 48. Bg5 Nd4 49. Bf6 Kd5 50. Be5 Ke4 51. Bd6 Ne2 52. Bxb4 Nxf4 53.
Kc2 Ng6 54. Be1 Kf4 55. Kd3 e5 56. Ke2 Kg4 57. Bc3 e4 58. Ke3 Nxh4 59. Be1 Ng6
60. Bf2 h4 61. Bg1 h3 62. Bh2 Nh4 63. Bb8 Ng2+ 64. Kf2 Nf4 65. Ba7 h2 0-1

[Event "Titled Tue 20th May Late"]
[Site "chess.com INT"]
[Date "2025.05.20"]
[Round "8"]
[White "Tamer Waguih, Farid"]
[Black "Pakleza, Zbigniew"]
[Result "1-0"]
[WhiteTitle "FM"]
[BlackTitle "GM"]
[WhiteElo "2206"]
[BlackElo "2484"]
[WhiteFideId "10685723"]
[BlackFideId "1119290"]
[EventDate "2025.05.20"]

1. d4 d6 2. e4 Nf6 3. Nc3 c6 4. f4 Qb6 5. Nf3 Bg4 6. a3 e5 7. fxe5 dxe5 8. Be3
Nbd7 9. Qd2 Qxb2 10. Rb1 Qxa3 11. dxe5 Bxf3 12. exf6 Bg4 13. Bc4 Nxf6 14. O-O
Rd8 15. Qe1 b5 16. e5 bxc4 17. exf6 Be6 18. Rb7 gxf6 19. Rxf6 Bb4 20. Rxe6+ fxe6
21. Bd2 Rd6 22. Qe5 Bc5+ 23. Kf1 Rf8+ 24. Ke2 Rf7 25. Qh8+ Rf8 26. Rb8+ Kd7 27.
Qxh7+ Rf7 28. Qxf7# 1-0

[Event "Titled Tue 20th May Late"]
[Site "chess.com INT"]
[Date "2025.05.20"]
[Round "8"]
[White "Sklokin, Sergey"]
[Black "Aravindh, Chithambaram VR."]
[Result "0-1"]
[WhiteTitle "FM"]
[BlackTitle "GM"]
[WhiteElo "2311"]
[BlackElo "2749"]
[WhiteFideId "55730230"]
[BlackFideId "5072786"]
[EventDate "2025.05.20"]

1. d4 Nf6 2. c4 e6 3. Nf3 b6 4. g3 Bb7 5. Bg2 Be7 6. O-O O-O 7. Qc2 d5 8. Nbd2
Nbd7 9. b3 c5 10. Bb2 Rc8 11. Rac1 dxc4 12. Nxc4 b5 13. Na3 cxd4 14. Qd2 e5 15.
Nxb5 Qb6 16. Na3 Bb4 17. Qd1 Ne4 18. Nc4 Qe6 19. Nfxe5 Nxe5 20. Qxd4 f6 21. Bxe4
Bc5 22. Bxb7 Bxd4 23. Bxc8 Bxf2+ 24. Rxf2 Rxc8 25. Bxe5 fxe5 26. e4 h6 27. Rd1
Qc6 28. Rd5 Rf8 29. Rxf8+ Kxf8 30. Rxe5 Qd7 31. Rd5 Qg4 32. e5 Qe2 33. Rd2 Qe1+
34. Kg2 Ke7 35. Rf2 Qe4+ 36. Kg1 h5 37. Rf7+ Ke6 38. Rxg7 Qe1+ 39. Kg2 Qe2+ 40.
Kh3 Qxa2 41. Rg6+ Ke7 42. Ne3 Qf2 43. Nd5+ Ke8 44. Re6+ Kd7 45. Rd6+ Kc8 46. e6
Qf5+ 47. Kg2 Qe4+ 48. Kf2 Qf5+ 49. Nf4 Qc5+ 50. Kf3 Qxd6 51. Ke4 Kd8 52. Kf5 Ke8
53. Nxh5 Qd5+ 54. Kg4 Qxe6+ 55. Kg5 Qxb3 56. g4 a5 57. Kh6 a4 58. g5 a3 59. g6
a2 60. Nf6+ Ke7 61. h4 Kxf6 62. h5 Qg8 63. g7 Qxg7# 0-1

[Event "Titled Tue 20th May Late"]
[Site "chess.com INT"]
[Date "2025.05.20"]
[Round "8"]
[White "Bahmani, Koorosh"]
[Black "Hiermann, Dietmar"]
[Result "1-0"]
[WhiteTitle "CM"]
[BlackTitle "FM"]
[WhiteElo "2208"]
[BlackElo "2216"]
[WhiteFideId "42576750"]
[BlackFideId "1602918"]
[EventDate "2025.05.20"]

1. Nf3 Nf6 2. g3 e6 3. Bg2 Be7 4. d4 O-O 5. O-O c5 6. c4 cxd4 7. Nxd4 d5 8. cxd5
Nxd5 9. b3 Bf6 10. Bb2 b6 11. Nc3 Bb7 12. Rc1 Nxc3 13. Bxc3 Bxg2 14. Kxg2 Qd5+
15. Nf3 Qxd1 16. Rfxd1 Bxc3 17. Rxc3 Na6 18. Ne5 f6 19. Nc6 Rf7 20. b4 Rc7 21.
Rd6 Nxb4 22. Rxe6 Rac8 23. Ne7+ Kf7 24. Nxc8 Rxc3 25. Re4 Rxc8 26. Rxb4 Rc2 27.
Ra4 a5 28. e4 Ke6 29. Kf3 Kd6 30. Ke3 Kc5 31. Ra3 Kb4 32. Rb3+ Kc5 33. a3 b5 34.
Rd3 b4 35. axb4+ axb4 36. Rd7 b3 37. Rxg7 Kc6 38. Rg8 b2 39. Rb8 1-0

[Event "Titled Tue 20th May Late"]
[Site "chess.com INT"]
[Date "2025.05.20"]
[Round "8"]
[White "Shuvalov, Evgenij"]
[Black "Goltsev, Dmitry"]
[Result "0-1"]
[BlackTitle "FM"]
[WhiteElo "1986"]
[BlackElo "2183"]
[WhiteFideId "4187237"]
[BlackFideId "24176710"]
[EventDate "2025.05.20"]

1. d4 e6 2. c4 d5 3. Nf3 Nf6 4. Nc3 dxc4 5. e4 c5 6. Bf4 cxd4 7. Nxd4 Bc5 8.
Ndb5 Qxd1+ 9. Rxd1 Na6 10. Nd6+ Ke7 11. Bxc4 Rd8 12. e5 Ne8 13. Nde4 Rxd1+ 14.
Kxd1 b6 15. a3 Bb7 16. Ke2 Rd8 17. f3 Bd4 18. b4 Nac7 19. a4 Bxc3 20. Nxc3 Rd4
21. Bg5+ f6 22. exf6+ gxf6 23. Bxf6+ Nxf6 24. Bd3 Rxb4 25. Rb1 Rxb1 26. Nxb1
Ncd5 27. g3 Bc6 28. a5 bxa5 29. Na3 a4 30. Kd2 Nb4 31. Be2 a5 32. g4 Nfd5 33. h4
Nf4 34. Bd1 h6 35. Nc4 Bd5 36. Na3 Bb3 37. Bxb3 axb3 38. Kc3 Ng2 39. h5 Nh4 40.
f4 Nd5+ 41. Kxb3 Nxf4 42. Nc4 Nf3 43. Nxa5 Ne5 44. Kc3 Nxg4 45. Kd4 Nxh5 46. Ke4
Ngf6+ 47. Kf3 e5 48. Nc6+ Ke6 49. Nb4 e4+ 50. Ke3 Kf5 51. Nc6 Ng4+ 52. Kd4 Kf4
53. Ne7 Nhf6 54. Ng6+ Kg3 55. Ne7 h5 56. Nf5+ Kf4 57. Nh4 e3 58. Kd3 Kg3 59.
Nf5+ Kf2 60. Nd4 Ne5+ 61. Kc3 e2 62. Nxe2 Kxe2 0-1

[Event "Titled Tue 20th May Late"]
[Site "chess.com INT"]
[Date "2025.05.20"]
[Round "8"]
[White "Holinka, Henning"]
[Black "Logozar, Elijah"]
[Result "0-1"]
[WhiteTitle "FM"]
[WhiteElo "2303"]
[BlackElo "1945"]
[WhiteFideId "12967084"]
[BlackFideId "30963788"]
[EventDate "2025.05.20"]

1. e4 c5 2. f4 d5 3. exd5 Nf6 4. Bb5+ Nbd7 5. c4 a6 6. Ba4 g6 7. Nf3 Bg7 8. O-O
O-O 9. Nc3 b5 10. cxb5 Nb6 11. d4 cxd4 12. Nxd4 Nfxd5 13. Bb3 Nxc3 14. bxc3 axb5
15. Qf3 Bd7 16. Be3 Qc7 17. Rac1 Rfc8 18. Rfd1 e5 19. fxe5 Nc4 20. e6 fxe6 21.
Bf2 Rf8 22. Qe2 Kh8 23. Bg3 e5 24. Nf3 Rae8 25. Kh1 Bg4 26. Qe4 Bf5 27. Qe2 Qc5
28. Bf2 Qc6 29. Ng5 h6 30. Nf3 Bg4 31. Nxe5 Nxe5 32. Qc2 Bxd1 33. Rxd1 Ng4 34.
Bg1 Qxc3 35. Qb1 Nf2+ 36. Bxf2 Rxf2 37. Qxg6 Qe1+ 0-1

[Event "Titled Tue 20th May Late"]
[Site "chess.com INT"]
[Date "2025.05.20"]
[Round "8"]
[White "Jovic, Stanoje"]
[Black "Mammadov, Sadig"]
[Result "1-0"]
[WhiteTitle "FM"]
[BlackTitle "IM"]
[WhiteElo "2096"]
[BlackElo "2395"]
[WhiteFideId "905020"]
[BlackFideId "13408712"]
[EventDate "2025.05.20"]

1. c4 e5 2. g3 Nf6 3. Bg2 d5 4. cxd5 Nxd5 5. Nf3 Nc6 6. O-O g6 7. d4 exd4 8.
Nxd4 Bg7 9. Nxc6 bxc6 10. e4 Nb6 11. Qxd8+ Kxd8 12. Rd1+ Bd7 13. Nc3 Kc8 14. Be3
Be6 15. Bd4 Bxd4 16. Rxd4 c5 17. Rd2 Nc4 18. Re2 Rd8 19. b3 Ne5 20. f4 Nd3 21.
e5 Rb8 22. Bf3 Rb4 23. Rd1 a6 24. Be4 Rbd4 25. Bxd3 Rxd3 26. Rxd3 Rxd3 27. Na4
c4 28. Nc5 Rd1+ 29. Kf2 Bd5 30. Ke3 cxb3 31. axb3 Rc1 32. Kd4 Bc6 33. Nxa6 Bb5
34. Ra2 Bxa6 35. Rxa6 Rc2 36. Rf6 Rxh2 37. Rxf7 Rg2 38. e6 Kd8 39. Ke5 Rxg3 40.
Kf6 c5 41. Rf8+ Kc7 42. e7 1-0

[Event "Titled Tue 20th May Late"]
[Site "chess.com INT"]
[Date "2025.05.20"]
[Round "8"]
[White "Dovgaliuk, Oleksandr"]
[Black "Aranda, Juan Manuel"]
[Result "1-0"]
[BlackTitle "CM"]
[WhiteElo "2240"]
[BlackElo "2134"]
[WhiteFideId "14167247"]
[BlackFideId "160458"]
[EventDate "2025.05.20"]

1. Nc3 d6 2. d4 g6 3. e4 Bg7 4. h4 h5 5. Be2 a6 6. a4 a5 7. Be3 Na6 8. Qd2 Nb4
9. Nd1 Nf6 10. c3 Nxe4 11. Qc1 Nc6 12. Nh3 Bxh3 13. Rxh3 d5 14. f3 Nd6 15. Qd2
Qd7 16. b4 axb4 17. cxb4 Nc4 18. Bxc4 dxc4 19. Rc1 Rxa4 20. Rxc4 O-O 21. Qc2 Ra1
22. Qc3 Rfa8 23. b5 Nxd4 24. Bxd4 e5 25. Qxa1 Rxa1 26. Bxa1 Qxb5 27. Re4 f5 28.
Re2 c5 29. f4 exf4 30. Bxg7 Kxg7 31. Rf3 Qb4+ 32. Kf1 b5 33. Ref2 Qc4+ 34. Kg1
Qd4 35. Nb2 c4 36. Rxf4 Qd5 37. R4f3 b4 38. Rf4 c3 39. Rxb4 cxb2 40. Rfxb2 Qe4
41. Rxe4 1-0

[Event "Titled Tue 20th May Late"]
[Site "chess.com INT"]
[Date "2025.05.20"]
[Round "8"]
[White "Erece, Ece Alkim"]
[Black "Barrientos, Ernesto"]
[Result "0-1"]
[WhiteTitle "WCM"]
[BlackTitle "CM"]
[WhiteElo "1843"]
[BlackElo "2027"]
[WhiteFideId "6346006"]
[BlackFideId "3701247"]
[EventDate "2025.05.20"]

1. e4 c5 2. Nf3 d6 3. c3 Nf6 4. Bd3 g6 5. Bc2 Bg7 6. d4 O-O 7. O-O cxd4 8. cxd4
Nc6 9. a3 Bg4 10. Be3 Rc8 11. Nc3 Nd7 12. d5 Nce5 13. Bf4 Nxf3+ 14. gxf3 Bh3 15.
Re1 Ne5 16. Bd3 Nxd3 17. Qxd3 e5 18. dxe6 fxe6 19. Bg3 Be5 20. Rad1 Qg5 21. Kh1
Rc7 22. Rg1 Qh5 23. Bxe5 dxe5 24. Rg3 Rcf7 25. f4 Bg4 26. f3 Bh3 27. Rg5 Qh4 28.
Rxe5 Rxf4 29. Qe2 Rxf3 30. Qe1 Rf1+ 31. Qxf1 Rxf1+ 32. Rxf1 Bxf1 33. Rxe6 Qf2
34. Rxg6+ hxg6 0-1

[Event "Titled Tue 20th May Late"]
[Site "chess.com INT"]
[Date "2025.05.20"]
[Round "8"]
[White "Platzgummer, Fabian"]
[Black "Azamikia, Mehran"]
[Result "0-1"]
[WhiteTitle "IM"]
[BlackTitle "CM"]
[WhiteElo "2295"]
[BlackElo "2130"]
[WhiteFideId "1617222"]
[BlackFideId "12502502"]
[EventDate "2025.05.20"]

1. Nf3 g6 2. a4 Bg7 3. a5 Nf6 4. b4 O-O 5. Bb2 d5 6. e3 a6 7. Be2 c6 8. O-O Bg4
9. d3 Nbd7 10. Nbd2 Re8 11. Ne5 Bxe2 12. Qxe2 Nxe5 13. Bxe5 Nd7 14. Bxg7 Kxg7
15. c4 e6 16. f4 Qf6 17. d4 Qf5 18. g4 Qf6 19. c5 Qh4 20. g5 h6 21. Nf3 Qh5 22.
h4 Rh8 23. Kg2 Qg4+ 24. Kf2 Rh7 25. Rh1 Rah8 26. Rhg1 Qf5 27. Rac1 Kf8 28. Qc2
Qxc2+ 29. Rxc2 hxg5 30. hxg5 Kg7 31. Re2 Rh3 32. Kg2 R3h5 33. Rf2 R8h7 34. Kf1
Rh8 35. Ke2 R8h7 36. Rfg2 Rh8 37. Ne1 R8h7 38. Nd3 Rh8 39. Nf2 R8h7 40. Ng4 Rh8
41. Kf2 R8h7 42. Kg3 Rh3+ 43. Kf2 R3h5 44. Rf1 Rh8 45. Ke2 R8h7 46. Rff2 R7h6
47. Rh2 Rh8 48. Nh6 Rxh2 49. Rxh2 f5 50. gxf6+ Nxf6 51. Kf3 Rxh6 0-1

[Event "Titled Tue 20th May Late"]
[Site "chess.com INT"]
[Date "2025.05.20"]
[Round "8"]
[White "Moreira, Ronaldo Alonso"]
[Black "Kjaergaard-Jensen, Jesper"]
[Result "1-0"]
[BlackTitle "CM"]
[WhiteElo "2097"]
[BlackElo "2081"]
[WhiteFideId "2110547"]
[BlackFideId "1406990"]
[EventDate "2025.05.20"]

1. d4 Nf6 2. c4 d6 3. Nc3 e5 4. Nf3 Nbd7 5. g3 Be7 6. Bg2 c6 7. O-O Qc7 8. e4 h6
9. h3 Nf8 10. Be3 g5 11. g4 Bxg4 12. hxg4 Nxg4 13. Nh2 Nxe3 14. fxe3 Ng6 15. Qh5
Bf8 16. d5 O-O-O 17. Rf2 Bg7 18. Raf1 Rhf8 19. Ng4 Nh8 20. Nxh6 Qb6 21. Nf5 Bf6
22. Qe2 Ng6 23. Nxd6+ Rxd6 24. Rxf6 Nf4 25. R1xf4 gxf4 26. Rxd6 f5 27. Bh3 Qc7
28. Re6 Kb8 29. Bxf5 Rg8+ 30. Kf1 Qg7 31. Ke1 Qg3+ 32. Kd2 fxe3+ 33. Qxe3 Qh2+
34. Kd3 Rg3 35. Nd1 Rxe3+ 36. Nxe3 Qxb2 37. d6 Qb1+ 38. Ke2 Qxa2+ 39. Kf3 Qa5
40. Re8+ Qd8 41. Rxd8# 1-0

[Event "Titled Tue 20th May Late"]
[Site "chess.com INT"]
[Date "2025.05.20"]
[Round "8"]
[White "Micic, Aleksa"]
[Black "Shetty, Anshul"]
[Result "0-1"]
[WhiteTitle "FM"]
[WhiteElo "2191"]
[BlackElo "2112"]
[WhiteFideId "989940"]
[BlackFideId "30945828"]
[EventDate "2025.05.20"]

1. d4 Nf6 2. Nc3 d5 3. Bf4 e6 4. Nb5 Na6 5. e3 c6 6. Nc3 Nc7 7. h3 c5 8. Nf3 Bd6
9. Ne5 Rf8 10. g4 h6 11. h4 cxd4 12. exd4 Qe7 13. g5 hxg5 14. hxg5 Nd7 15. Bd3
Nxe5 16. dxe5 Bb4 17. a3 Bxc3+ 18. bxc3 Bd7 19. Rh7 g6 20. Bxg6 O-O-O 21. Bd3
Rh8 22. g6 Rxh7 23. gxh7 f5 24. Qh5 Rh8 25. Qg6 Qxh7 26. Qxh7 Rxh7 27. Ke2 Bb5
28. Rg1 Bxd3+ 29. cxd3 Nb5 30. Bd2 Nxa3 31. Ra1 Nb5 32. Rg1 Kd7 33. Rg8 a6 34.
Rb8 Kc6 35. Re8 Nc7 36. Rd8 Rd7 37. Rf8 d4 38. cxd4 Rxd4 39. Bc3 Ra4 40. Rc8 Kd7 0-1

[Event "Titled Tue 20th May Late"]
[Site "chess.com INT"]
[Date "2025.05.20"]
[Round "8"]
[White "Brozynski, Patryk"]
[Black "Przybylski, Bartosz"]
[Result "1-0"]
[BlackTitle "CM"]
[WhiteElo "2219"]
[BlackElo "2107"]
[WhiteFideId "2512700"]
[BlackFideId "21878323"]
[EventDate "2025.05.20"]

1. e4 d6 2. d4 Nf6 3. Nc3 e5 4. dxe5 dxe5 5. Bg5 Qxd1+ 6. Rxd1 Bb4 7. Bxf6 gxf6
8. Ne2 f5 9. a3 Bd6 10. Ng3 fxe4 11. Ngxe4 Kd7 12. Bb5+ Nc6 13. Nxd6 cxd6 14.
Ne4 Kc7 15. Bxc6 bxc6 16. Nxd6 Be6 17. Ne4 Bf5 18. f3 Rhg8 19. Kf2 Rab8 20. b4
a5 21. c3 axb4 22. axb4 Ra8 23. Ra1 Be6 24. Nc5 Bc4 25. g4 Rgd8 26. Ne4 Kb6 27.
Rxa8 Rxa8 28. Rd1 Ra2+ 29. Rd2 Ra3 30. h4 Bd5 31. Rc2 Kb5 32. c4+ Kxb4 33. cxd5
cxd5 34. Ng5 d4 35. Nxf7 d3 36. Rd2 e4 37. fxe4 Kc4 38. Ke3 Ra1 39. Ne5+ Kc5 40.
Nxd3+ Kd6 41. Nf4+ Ke7 42. Kf3 Rh1 43. h5 Rf1+ 44. Kg3 Re1 45. Re2 Rg1+ 46. Rg2
Re1 47. Kf3 Rf1+ 48. Rf2 Ra1 49. g5 Ra5 50. Kg4 Ra4 51. Kf5 Ra5+ 52. Nd5+ Kf7
53. Rb2 Ra7 54. Rc2 Kg8 55. Rc8+ Kg7 56. Rc7+ Kh8 57. Rxa7 h6 58. Nf6 1-0

[Event "Titled Tue 20th May Late"]
[Site "chess.com INT"]
[Date "2025.05.20"]
[Round "8"]
[White "Yilmaz, Baver"]
[Black "Baskakov, Egor"]
[Result "0-1"]
[WhiteTitle "FM"]
[BlackTitle "CM"]
[WhiteElo "2233"]
[BlackElo "2215"]
[WhiteFideId "26363542"]
[BlackFideId "24197866"]
[EventDate "2025.05.20"]

1. e4 c5 2. Nf3 Nf6 3. e5 Nd5 4. g3 g6 5. Bg2 Bg7 6. O-O Nc6 7. Re1 O-O 8. d4
cxd4 9. Nxd4 Nb6 10. Nxc6 bxc6 11. Nc3 Nc4 12. Qe2 Nxe5 13. f4 Qb6+ 14. Be3 Qxb2
15. Ne4 Ng4 16. Rab1 Qxa2 17. Qxg4 d5 18. Qh4 dxe4 19. Qxe7 Bf5 20. Qc5 Qd5 21.
h3 h5 22. Rb7 a5 23. Re7 a4 24. g4 hxg4 25. hxg4 Bxg4 26. Bxe4 Qxc5 27. Bxc5 a3
28. Bxc6 Rac8 29. Ra7 Rxc6 30. Bxf8 Bxf8 31. Re8 Kg7 32. Kg2 Be6 33. Kf3 Rxc2
34. Rxe6 Rc3+ 35. Kg4 Bc5 36. Rc7 Kh6 37. Re1 f5+ 38. Kh4 Bf2# 0-1

[Event "Titled Tue 20th May Late"]
[Site "chess.com INT"]
[Date "2025.05.20"]
[Round "8"]
[White "Ahmad, Khagan"]
[Black "Eswaran, Ashritha"]
[Result "1-0"]
[WhiteTitle "IM"]
[BlackTitle "FM"]
[WhiteElo "2405"]
[BlackElo "2236"]
[WhiteFideId "13431552"]
[BlackFideId "2080788"]
[EventDate "2025.05.20"]

1. Nf3 Nf6 2. c4 e6 3. Nc3 d5 4. d4 h6 5. g3 Bd6 6. Bg2 O-O 7. O-O Nc6 8. b3 Re8
9. Bb2 dxc4 10. bxc4 e5 11. dxe5 Nxe5 12. Nxe5 Bxe5 13. Qxd8 Rxd8 14. Rab1 Bf5
15. e4 Bxc3 16. exf5 Bd4 17. Bxb7 Rab8 18. Bxd4 Rxd4 19. Bf3 Rxb1 20. Rxb1 Rxc4
21. Rb8+ Kh7 22. Rf8 Nd7 23. Re8 Nf6 24. Ra8 Ra4 25. Kg2 Rxa2 26. Rf8 a5 27.
Rxf7 a4 28. Rxc7 a3 29. Ra7 Kg8 30. g4 Kf8 31. h4 Ra1 32. g5 hxg5 33. hxg5 Ne8
34. Bd5 Nd6 35. Be6 Ne4 36. f6 Nxf6 37. gxf6 gxf6 38. Kf3 Re1 39. Ba2 Rh1 40.
Kg2 Ra1 41. Rxa3 Kg7 42. Ra6 Rc1 43. Bd5 Rc5 44. Be4 Rc4 45. Kf3 Rc3+ 46. Kf4
Rc1 47. Rc6 Rf1 48. f3 Rh1 49. Rc7+ Kf8 50. Kf5 Rh6 51. Ra7 Kg8 52. Ke6 Kh8 53.
f4 Kg8 54. f5 Rh4 55. Bd5 Rh6 56. Rf7 Rh2 57. Kxf6 Re2 58. Rg7+ Kh8 59. Rg8+ Kh7
60. Rg3 Rh2 61. Bg2 Rh6+ 62. Kf7 Rh5 63. Rh3 Kh6 64. f6 Kg5 65. Rxh5+ Kxh5 66.
Kg7 Kg5 67. Ba8 Kh5 68. f7 Kg5 69. f8=Q Kh5 70. Qf5+ Kh4 71. Qg6 Kh3 72. Qg5 Kh2
73. Qg2# 1-0

[Event "Titled Tue 20th May Late"]
[Site "chess.com INT"]
[Date "2025.05.20"]
[Round "8"]
[White "Clawitter, Craig"]
[Black "Winkels, Marcel"]
[Result "0-1"]
[BlackTitle "CM"]
[WhiteElo "2050"]
[BlackElo "1918"]
[WhiteFideId "2023105"]
[BlackFideId "1003887"]
[EventDate "2025.05.20"]

1. e4 c5 2. Nf3 d6 3. d4 cxd4 4. Nxd4 Nf6 5. Nc3 a6 6. f3 e5 7. Nb3 Be6 8. Be3
h5 9. Nd5 Bxd5 10. exd5 Nbd7 11. Qd2 Be7 12. Be2 O-O 13. O-O Qc7 14. c4 b6 15.
Rac1 a5 16. Na1 Nc5 17. Nc2 a4 18. Kh1 Rfe8 19. Nb4 Bf8 20. Nc6 Qd7 21. Bd1 h4
22. b4 axb3 23. axb3 h3 24. g3 e4 25. b4 Na6 26. Bxb6 Nb8 27. b5 exf3 28. Bxf3
Ra3 29. Rce1 Qb7 30. Rxe8 Nxe8 31. Bd4 Nd7 32. Bh5 Ndf6 33. Bxf6 Nxf6 34. Bd1
Qc8 35. Qg5 Nh7 36. Qh5 g6 0-1